Imidž predajne diplomová práca

Uložené v:
Podrobná bibliografia
Hlavný autor: Naserová, Khairieh
Korporativný autor: Obchodná fakulta EU. Katedra marketingu
Ďalší autori: Hanuláková, Eva, 1964-
Médium: Kniha
Jazyk:Slovak
Vydavateľské údaje: Bratislava 2017
Tagy: Pridať tag
Žiadne tagy, Buďte prvý, kto otaguje tento záznam!

MARC

LEADER 00000nbm a2200000 4500
001 0230587
005 20170929131646.6
041 0 |a slo 
044 |a SK 
245 1 0 |a Imidž predajne  |b diplomová práca  |c Khairieh Naserová ; školiteľ: Eva Hanuláková 
264 1 |a Bratislava  |c 2017 
300 |a 68 s. 
100 1 |a Naserová, Khairieh 
700 1 |a Hanuláková, Eva, 1964- 
710 2 |a Obchodná fakulta EU. Katedra marketingu